Bibliotheque royale : Memorial, 1559-1969.

Saved in:
Bibliographic Details
Corporate Author: Bibliotheque royale de Belgique
Format: Book
Language:Unknown
Published: Bruxelles : Bibliotheque royale Albert Ier, 1969.
LEADER 00860nam a2200217 a 4500
001 c000006314
003 CARM
005 00000000000000.0
008 s1969 be 00000 mis d
019 1 |a 3971964  |z 23068497  |5 LACONCORD2021 
035 |a (OCoLC)600021  |5 LACONCORD2021 
050 0 0 |a Z814  |b B92B88 
110 2 0 |a Bibliotheque royale de Belgique. 
245 0 0 |a Bibliotheque royale :  |b Memorial, 1559-1969. 
260 |a Bruxelles :  |b Bibliotheque royale Albert Ier,  |c 1969. 
300 |a vii, 469 p. :  |b ports., illus., plans, tables, facsims., music ;  |c 26 cm. 
504 |a Includes bibliographies. 
852 8 |b CARM  |h A2:AE24D0  |i E00086  |p 0020692  |f BK 
082 0 4 |a 027.54933 
999 f f |i 787c32bf-e011-508b-8544-aa903d64df3d  |s e902aada-441f-5424-864a-488b65a0237f 
952 f f |p Can circulate  |a CAVAL  |b CAVAL  |c CAVAL  |d CARM 1 Store  |e E00086  |f A2:AE24D0  |h Other scheme  |i book  |m 0020692